000 01412nam a2200385 a 4500
999 _c175632
_d175632
003 BLK
005 20250730131311.0
008 180411b bul|||||r ||||||| ||bul||
010 _aKNG00184226000
020 _a978-954-389-362-1
040 _aBLK
041 _aBUL
_cBUL
072 7 _2bullib
_aН83
_xЧужда художествена литература Н
080 _aАмериканска литература (на САЩ)
_b821.111(73)
_x-312.4
_z821.111(73)-312.4
100 1 _aДивър, Джефри Уилдс
_eпърви автор
_9366681
139 _aДивър, Джефри Уилдс
_bД 53
245 1 0 _aС ръка на сърцето
_bРоман
_cДжефри Уилдс Дивър; прев. от англ. Марин Загорчев.
257 _aUSA
260 _aСофия
_bЕра
_c2015
300 _a404 с.
_c20 см
380 _aX
490 _9201572
_aЕратрилър
500 _aОриг. загл. Solitude Creek / Jeffery Deaver.
653 _aтрилъри
653 _aромани
659 _aН
700 _aЗагорчев, Марин Иванов
_d1972-
_9368351
852 _aЦб 277741
856 4 _qpdf
856 4 _qpdf
942 _cKNG
_n0
_0123
_s1
944 _aCR
_c28.10.2015
_lМартин Енчев
_k30575
944 _aED
_c10.01.2017
_lф /
_kКристиан_Гайдаров
999 _d175632